Microbiology (Record no. 44077)

MARC details
003 - CONTROL NUMBER IDENTIFIER
control field 00000
005 - DATE AND TIME OF LATEST TRANSACTION
control field 20260217155520.0
020 ## - INTERNATIONAL STANDARD BOOK NUMBER
International Standard Book Number 9789787811146
040 ## - CATALOGING SOURCE
Description conventions rda
050 ## - LIBRARY OF CONGRESS CALL NUMBER
Classification number QR 41.2 .M53 2025
100 ## - MAIN ENTRY--PERSONAL NAME
Personal name Adegboro, Boaz
245 ## - TITLE STATEMENT
Title Microbiology
Statement of responsibility, etc Edited by Boaz Adegboro, Nubwa Medugu and Olatunji Mathew Kolawole
250 ## - EDITION STATEMENT
Edition statement 2nd. ed.
260 ## - PUBLICATION, DISTRIBUTION, ETC. (IMPRINT)
Place of publication, distribution, etc Nigeria
Name of publisher, distributor, etc AJCEM Lifeline
Date of publication, distribution, etc 2025
264 ## - PUBLICATION, DISTRIBUTION, ETC. (IMPRINT)
Place of publication, distribution, etc Nigeria
Name of publisher, distributor, etc AJCEM Lifeline
Date of publication, distribution, etc 2025
300 ## - PHYSICAL DESCRIPTION
Other physical details 749p.: ill.
336 ## - CONTENT TYPE
Source rdacontent
338 ## - CARRIER TYPE
Source rdacarrier
500 ## - GENERAL NOTE
General note includes index and Appendix
650 ## - SUBJECT ADDED ENTRY--TOPICAL TERM
Source of heading or term Microbiology
942 ## - ADDED ENTRY ELEMENTS (KOHA)
Source of classification or shelving scheme Library of Congress Classification
Koha item type Books
Holdings
Withdrawn status Lost status Source of classification or shelving scheme Damaged status Not for loan Permanent Location Current Location Date acquired Total Checkouts Full call number Barcode Date last seen Price effective from Koha item type
    Library of Congress Classification     College of Health Sciences Library College of Health Sciences Library 02/17/2026   QR 41.2 .M53 0199477 02/17/2026 02/17/2026 Books
    Library of Congress Classification     College of Health Sciences Library College of Health Sciences Library 02/17/2026   QR 41.2 .M53 0199478 02/17/2026 02/17/2026 Books